| 000 | 01030nam a2200277 i 4500 | ||
|---|---|---|---|
| 001 | bg | ||
| 100 | 1 | _aRUTKOWSKI, Leszek | |
| 245 | 1 | 0 |
_aFiltry adaptacyjne i adaptacyjne przetwarzanie sygnałów : _bteoria i zastosowania / _cLeszek Rutkowski. |
| 260 |
_aWarszawa : _bWydawnictwa Naukowo-Techniczne, _c1994. |
||
| 300 |
_a234, [2] s. : _brys., wykr. ; _c24 cm. |
||
| 490 | 1 | _aUkłady i Systemy Elektroniczne | |
| 504 | _aBibliogr. przy rozdz. - Indeks. - Rez., summ. | ||
| 521 | _aDla pracowników naukowych oraz studentów wyższych lat studiów kierunku Elektronika, Telekomunikacja i Inżynieria Komputerowa. | ||
| 650 | 9 | _aFiltracja cyfrowa | |
| 650 | 9 |
_aMikroprocesor _xstosowanie |
|
| 650 | 9 |
_aPrzetwarzanie danych _xautomatyzacja |
|
| 655 | _aPodręczniki akademickie | ||
| 830 | _aUkłady i Systemy Elektroniczne | ||
| 020 | _a8320417171 | ||
| 040 | _cBPK | ||
| 041 | 0 |
_apl _benru |
|
| 080 | _a621.37:681.32](075.8) | ||
| 920 | _a83-204-1717-1 | ||
| 942 | _cKS | ||
| 008 | s pl f |000 0 pol | ||
| 999 |
_c30378 _d30378 |
||
| 856 |
_uhttp://koha.tu.koszalin.pl/cgi-bin/koha/opac-detail.pl?biblionumber=30378 _yKatalog online BPK |
||